Inversión extranjera directa en América Latina: su contribución al desarrollo

Kaydedildi:
Detaylı Bibliyografya
Yazar: Agosín, Manuel R (Yazar)
Materyal Türü: Kitap
Dil:İspanyolca
Baskı/Yayın Bilgisi: Santiago Fondo de Cultura Económica 1996
Edisyon:1a. ed
Seri Bilgileri:Sección de Obras de Economía Contemporánea
Konular:
Etiketler: Etiketle
Etiket eklenmemiş, İlk siz ekleyin!

MARC

LEADER 00000cam a2200000 a 4500
001 UCE1511
003 CL-VaPUC
008 140502e19960000cl |||||||||||||||||spa|d
020 |a 9567083541 
082 0 4 |a 332.673098  |b AGO  |2 21 
100 0 |a Agosín, Manuel R  |e author  |9 573860 
245 1 0 |a Inversión extranjera directa en América Latina: su contribución al desarrollo 
250 |a 1a. ed 
300 |a 209 p 
942 |c BK 
945 |d 20140502 10:02:00  |a dcastane 
260 |a Santiago  |b Fondo de Cultura Económica  |c 1996 
650 0 |a Desarrollo económico y social   |9 256320 
650 0 |a Integración económica  |9 255024 
650 0 |a Relaciones Internacionales  |9 255740 
650 0 |a Tratados internacionales   |9 256056 
650 0 |a Inversiones extranjeras  |9 255451 
583 |a last modification  |c 20140502 10:02:00  |k Rodrigo Vera 
490 0 |a Sección de Obras de Economía Contemporánea 
999 |c 355287  |d 355285 
952 |0 0  |1 0  |3 erb  |4 0  |6 332_673098000000000_AGO_1996  |7 0  |8 A  |9 461945  |a BIBING  |b BIBING  |i 5069270  |o 332.673098 AGO 1996  |p 5069270  |r 2025-01-20  |w 2019-11-23  |y BK  |z Catalogado en:20140502  |k GEO